Διεύρυνση των οικονομικών, κοινωνικών και χωρικών διαστάσεων του τουρισμού στη Ρόδο μέσω των αντιλήψεων των πληροφορητών : διατριβή

Αποθηκεύτηκε σε:
Λεπτομέρειες βιβλιογραφικής εγγραφής
Κύριος συγγραφέας: Παππάς, Νικόλαος Λ.
Συγγραφή απο Οργανισμό/Αρχή: Πανεπιστήμιο Αιγαίου Σχολή Επιστημών της Διοίκησης Τμήμα Διοίκησης Επιχειρήσεων Πρόγραμμα Μεταπτυχιακών Σπουδών "Σχεδιασμός, Διοίκηση και Πολιτική του Τουρισμού"
Μορφή: Thesis Βιβλίο
Γλώσσα:Greek
Δημοσίευση: 2007.
Θέματα:
Ετικέτες: Προσθήκη ετικέτας
Δεν υπάρχουν, Καταχωρήστε ετικέτα πρώτοι!

MARC

LEADER 00000cam a2200000 i 4500
001 1/45138
008 070525s2006 gr ||| |||| ||gre||
035 |l 10088041 
040 |a GR-MyUa  |b gre  |e AACR2 
041 0 |a gre 
082 7 |a 338.47910949587   |2 (22) 
100 1 |a Παππάς, Νικόλαος Λ. 
245 1 0 |a Διεύρυνση των οικονομικών, κοινωνικών και χωρικών διαστάσεων του τουρισμού στη Ρόδο μέσω των αντιλήψεων των πληροφορητών :   |b διατριβή /   |c Παππάς Νικόλαος ; συμβουλευτική επιτροπή Πάρις Τδάρτας, Χάρης Κοκκώσης, Ανδρέας Παπαθεοδώρου. 
260 |c 2007. 
300 |a xiv,391 σ. :   |b σχ. ;   |c 30 εκ. 
502 |a Διατριβή (διδακτορική) – Πανεπιστήμιο Αιγαίου, Χίος, 2007. 
504 |a Περιλαμβάνει βιβλιογραφία. 
610 2 0 |a Πανεπιστήμιο Αιγαίου. 
650 0 |a Tourism  |z Greece  |z Rhodes (Island) 
650 0 |a Tourism  |x Economic aspects  |z Greece  |z Rhodes (Island) 
650 0 |a Tourism  |x Social aspects  |z Greece  |z Rhodes (Island) 
650 0 |a Rural development  |z Greece  |z Rhodes (Island) 
650 0 |a Dissertations, Academic  |z Greece. 
651 0 |a Rhodes (Greece : Island)  |x Economic conditions  |x History. 
700 1 |a Τσάρτας, Πάρις,   |d 1956-  |e dgs 
710 2 |a Πανεπιστήμιο Αιγαίου  |b Σχολή Επιστημών της Διοίκησης  |b Τμήμα Διοίκησης Επιχειρήσεων  |b Πρόγραμμα Μεταπτυχιακών Σπουδών "Σχεδιασμός, Διοίκηση και Πολιτική του Τουρισμού". 
852 |a INST  |b CHIOS  |c DIATR  |e 20070525  |h 338.47910949587 ΠΑΠ  |p 005200026208  |q 005200026208  |t PHD  |y 23 
852 |a INST  |b CHIOS  |c DIATR  |e 20070525  |h 338.47910949587 ΠΑΠ  |p 005200026209  |q 005200026209  |t PHD  |y 23 
901 |a BIBL2-2007-2 
924 |a Παππάς  |b Νικόλαος  |y Χίος  |z 2007-05 
970 |a ΒΑΣΙΛΑΚΗ  |b ΝΙΚΗ  |z 2007/05/25